Las geometrías /

Guardado en:
Autor Principal: Pinasco, Juan Pablo
Otros Autores: Amster, Pablo, Saintier, Nicolás, Laplagne, Santiago
Formato: Libro
Publicado: Buenos Aires : Instituto Nacional de Educación Tecnológica, 2009
Series:Las ciencias naturales y la matemática / Juan Manuel Kirschenbaum
Materias:
Etiquetas: Agregar Etiqueta
Sin Etiquetas, Sea el primero en etiquetar este registro!
LEADER 00978nam a22002535a 4500
001 CEM.cems013598
005 20111007180354.0
008 130507s2009##################000#0#####d
003 CEMS
020 |a 9789500007245 
082 0 4 |a 513 
100 1 |a Pinasco, Juan Pablo 
245 1 0 |a Las geometrías /  |c Juan Pablo Pinasco y Otros 
260 |a Buenos Aires :  |b Instituto Nacional de Educación Tecnológica,  |c 2009 
300 |a 176 p. 
490 0 |a Las ciencias naturales y la matemática / Juan Manuel Kirschenbaum 
505 0 |a Los comienzos de la geometría -- La geometría euclídea -- Trigonometría -- Geometría esférica -- Geometría proyectiva -- Topología -- Tierra, Sol, Luna -- Resolución de problemas.- 
653 |a Geometría 
653 |a Congruencia y semejanza de triángulos 
653 |a Homotecia 
700 1 |a Amster, Pablo 
700 1 |a Saintier, Nicolás 
700 1 |a Laplagne, Santiago 
859 |a CEMS  |b BIB. CEMS - 11 de abril  |h 513  |i P651  |p 26211.11  |t Ej.1